Normal view
MARC view
Entry Personal Name
001 - CONTROL NUMBER
- control field: 7012
003 - CONTROL NUMBER IDENTIFIER
- control field: TZ-ArACH
005 - DATE AND TIME OF LATEST TRANSACTION
- control field: 20120919131037.0
008 - FIXED-LENGTH DATA ELEMENTS
- fixed length control field: 120919|||a|||||| | ||| d
040 ## - CATALOGING SOURCE
- Original cataloging agency: TZ-ArACH
- Transcribing agency: TZ-ArACH
100 ## - HEADING--PERSONAL NAME
- Personal name: Berkovicz, Grégory.
670 ## - SOURCE DATA FOUND
- Source citation: Work cat.: (TZ-ArACH)1848: Berkovicz, Grégory., Place de la cour pénale internationale dans la société des états /, 2005.
670 ## - SOURCE DATA FOUND
- Source citation: Work cat.: (TZ-ArACH)1848: Berkovicz, Grégory., Place de la cour pénale internationale dans la société des états /, 2005.
